De catechizandis rudibus = La catéchèse des débutants <fr.>

Saved in:  
Bibliographic Details
Subtitles:La catéchèse des débutants <fr.>
Main Author: Augustinus, Aurelius (Author)
Contributors: Krueger, Gustav (Editor)
Format: Print Book
Language:Undetermined language
Subito Delivery Service: Order now.
Check availability: HBZ Gateway
Interlibrary Loan:Interlibrary Loan for the Fachinformationsdienste (Specialized Information Services in Germany)
Published: Frankfurt Minerva 1968
In:Year: 1968
Edition:Unveränderter Nachdruck der dritten, durchgesehenen Auflage der 2. Ausgabe Tübingen, 1934
Series/Journal:Sammlung ausgewählter Kirchen- u. dogmengeschichtlicher Quellschriften Erste Reihe 4

MARC

LEADER 00000nam a22000002c 4500
001 1946656593
003 DE-627
005 20251218165953.0
007 tu
008 251218s1968 xx ||||| 00| ||und c
035 |a (DE-627)1946656593 
035 |a (DE-599)KXP1946656593 
040 |a DE-627  |b ger  |c DE-627  |e rakwb 
041 |a und 
084 |a 1  |2 ssgn 
100 1 |a Augustinus, Aurelius  |e VerfasserIn  |4 aut 
109 |a Augustinus, Aurelius 
245 1 3 |a De catechizandis rudibus  |b  = La catéchèse des débutants <fr.>  |c Augustin. Herausgegeben von Gustav Krüger 
246 3 1 |a La catéchèse des débutants <fr.> 
250 |a Unveränderter Nachdruck der dritten, durchgesehenen Auflage der 2. Ausgabe Tübingen, 1934 
264 1 |a Frankfurt  |b Minerva  |c 1968 
300 |a XII; 76 S. 
336 |a Text  |b txt  |2 rdacontent 
337 |a ohne Hilfsmittel zu benutzen  |b n  |2 rdamedia 
338 |a Band  |b nc  |2 rdacarrier 
490 0 |a Sammlung ausgewählter Kirchen- u. dogmengeschichtlicher Quellschriften  |a Erste Reihe  |v 4 
700 1 |a Krueger, Gustav  |e HerausgeberIn  |4 edt 
935 |a mteo 
951 |a BO 
ELC |b 1 
LOK |0 000 xxxxxcx a22 zn 4500 
LOK |0 001 4830387262 
LOK |0 003 DE-627 
LOK |0 004 1946656593 
LOK |0 005 20251218165953 
LOK |0 008 251218||||||||||||||||ger||||||| 
LOK |0 035   |a (DE-4020)wubadaa41693 
LOK |0 040   |a DE-4020  |c DE-627  |d DE-4020 
LOK |0 092   |o n 
LOK |0 852   |a DE-4020 
LOK |0 852 1  |c A 110  |m p  |9 00 
LOK |0 935   |a bami 
LOK |0 938   |k p 
LOK |0 939   |a 18-12-25  |b l01 
ORI |a SA-MARC-ixtheoa001.raw